[Event "83eme Championnat de Paris - Open Fide"]
[Site "Paris - Halle Carpentier (13e"]
[Date "2008.07.02"]
[Round "5.21"]
[White "Brih, Said"]
[Black "Roos, Jean-Luc"]
[Result "1-0"]
[WhiteElo "2208"]
[BlackElo "2326"]
[Annotator "Salaun,Michel"]
[PlyCount "75"]
[EventDate "2008.07.06"]
[EventType "swiss"]
[EventRounds "9"]
[EventCountry "FRA"]

1. e4 e6 2. d4 d5 3. e5 c5 4. Qg4 Nd7 5. Nf3 Ne7 6. Bd3 cxd4 7. O-O Ng6 8. Re1
Nc5 9. Nbd2 Bd7 10. Nb3 Nxd3 11. cxd3 Bb4 12. Bd2 Bxd2 13. Nfxd2 O-O 14. Nxd4
Qb6 15. N2f3 f6 16. h4 fxe5 17. h5 Rf4 18. Qg3 Nf8 19. Rxe5 Rf7 {(=)} 20. Rae1
h6 21. R5e2 Rf6 22. Qh4 Re8 23. a3 Rf7 24. b4 Rc8 25. Nb3 Rc3 26. Nc5 Rxa3 27.
Ne5 Be8 28. Ng4 Rf5 29. Nxe6 Bxh5 30. Nxf8 Bxg4 31. Nd7 Qxb4 32. Re8+ Kh7 33.
Qd8 Ra6 34. Rh8+ Kg6 35. Qe8+ Kg5 36. g3 Rg6 37. Nf8 Rff6 38. Nh7+ 1-0

[Event "83eme Championnat de Paris - Open Fide"]
[Site "Paris - Halle Carpentier (13e"]
[Date "2008.07.02"]
[Round "5.23"]
[White "Manoeuvre, Antoine"]
[Black "Maisuradze, Nino"]
[Result "0-1"]
[WhiteElo "2052"]
[BlackElo "2267"]
[Annotator "Salaun,Michel"]
[PlyCount "86"]
[EventDate "2008.07.06"]
[EventType "swiss"]
[EventRounds "9"]
[EventCountry "FRA"]

1. d4 d5 2. c4 e6 3. Nc3 Be7 4. Nf3 Nf6 5. Bg5 O-O 6. e3 h6 7. Bh4 Ne4 8. Bxe7
Qxe7 9. Rc1 c6 10. Bd3 Nxc3 11. Rxc3 Nd7 12. O-O dxc4 13. Bxc4 e5 14. Bb3 Rd8
15. Qe2 exd4 16. Nxd4 Nf6 17. Qc2 Nd5 18. Bxd5 Rxd5 19. Rc1 Bg4 20. f3 Bh5 21.
Nf5 Qd7 22. Rc5 Bg6 23. Rxd5 cxd5 24. g4 Re8 25. Kf2 Qe6 26. Qd3 Qe5 27. f4
Qxb2+ 28. Rc2 Qb6 29. Re2 Qe6 30. Ke1 a6 31. Kf2 b5 32. Rd2 h5 33. h3 b4 34.
Nxg7 Kxg7 35. f5 Qf6 36. Ke2 Bh7 37. Qxd5 Qh4 38. Qd4+ Kg8 39. Qf4 a5 40. Rd6
Rc8 41. Qh6 Qe7 42. f6 Qf8 43. Qxh5 Qxd6 0-1

[Event "83eme Championnat de Paris - Open Fide"]
[Site "Paris - Halle Carpentier (13e"]
[Date "2008.07.02"]
[Round "5.24"]
[White "Fayard, Alain"]
[Black "Schabanel, Stephane"]
[Result "1/2-1/2"]
[WhiteElo "2269"]
[BlackElo "2265"]
[Annotator "Salaun,Michel"]
[PlyCount "23"]
[EventDate "2008.07.06"]
[EventType "swiss"]
[EventRounds "9"]
[EventCountry "FRA"]

1. Nf3 Nf6 2. d4 e6 3. c4 b6 4. Nc3 Bb7 5. g3 c5 6. Bg2 d6 7. O-O Nbd7 8. b3 a6
9. Bb2 Be7 10. Re1 cxd4 11. Nxd4 Bxg2 12. Kxg2 {(=)} 1/2-1/2

[Event "83eme Championnat de Paris - Open Fide"]
[Site "Paris - Halle Carpentier (13e"]
[Date "2008.07.03"]
[Round "6.18"]
[White "Maisuradze, Nino"]
[Black "Leconte, Maria"]
[Result "1-0"]
[WhiteElo "2267"]
[BlackElo "2336"]
[Annotator "Salaun,Michel"]
[PlyCount "121"]
[EventDate "2008.07.06"]
[EventType "swiss"]
[EventRounds "9"]
[EventCountry "FRA"]

1. b3 e5 2. Bb2 Nc6 3. g3 d5 4. Bg2 Nf6 5. d3 Bd6 6. e3 Be6 7. Nd2 O-O 8. Ne2
Qd7 9. O-O Bh3 10. Re1 Bxg2 11. Kxg2 Ne7 12. c4 c6 13. cxd5 cxd5 14. e4 Ng6 15.
h3 Rac8 16. Rc1 Bb4 17. Nc3 d4 18. Ncb1 Rxc1 19. Bxc1 Rc8 20. a3 Bf8 21. b4 h5
22. Nf3 h4 23. Bg5 hxg3 24. fxg3 Nh5 25. Qb3 Rc7 26. Bd2 Be7 27. Rc1 Rxc1 28.
Bxc1 Qc6 29. Bd2 b5 30. Qd1 Nf6 31. Qc1 Qxc1 32. Bxc1 Nd7 33. Nbd2 f6 34. Nb3
Bd8 35. h4 Ne7 36. g4 g6 37. Kg3 Bc7 38. h5 f5 39. gxf5 gxf5 40. Bg5 Nc6 41.
Nfd2 f4+ 42. Kg4 a5 43. bxa5 Nxa5 44. Nxa5 Bxa5 45. Nf3 Bc7 46. Kf5 Kf7 47. h6
Bd6 48. h7 Kg7 49. Ke6 Nc5+ 50. Kxd6 Nxd3 51. h8=Q+ Kxh8 52. Bf6+ Kg8 53. Bxe5
Nb2 54. Kd5 Nc4 55. Bd6 d3 56. Bb4 Kf7 57. Kd4 Nb2 58. Kc3 Nc4 59. Kxd3 Kf6 60.
Kd4 Ke6 61. a4 1-0

[Event "83eme Championnat de Paris - Open Fide"]
[Site "Paris - Halle Carpentier (13e"]
[Date "2008.07.03"]
[Round "6.21"]
[White "Fayard, Alain"]
[Black "Rabeyrin, Jean-Jacques"]
[Result "0-1"]
[WhiteElo "2269"]
[BlackElo "2303"]
[Annotator "Salaun,Michel"]
[PlyCount "72"]
[EventDate "2008.07.06"]
[EventType "swiss"]
[EventRounds "9"]
[EventCountry "FRA"]

1. d4 d5 2. c4 c6 3. e3 Nf6 4. Nf3 e6 5. Nc3 Nbd7 6. Qc2 Bd6 7. g4 dxc4 8. Bxc4
e5 9. Bd2 exd4 10. exd4 Nb6 11. Be2 Bxg4 12. O-O-O Qe7 13. Rhg1 O-O-O 14. Bg5
Bxf3 15. Bxf3 Bxh2 16. Rge1 Qc7 17. Kb1 Kb8 18. Bxf6 gxf6 19. Qf5 Bd6 20. Re2
Be7 21. Rc2 Qd7 22. Qf4+ Qd6 23. Qf5 Qe6 24. Qh5 f5 25. Re2 Qf6 26. d5 c5 27.
Rde1 Bd6 28. Nb5 a6 29. Nxd6 Rxd6 30. Re8+ Rxe8 31. Rxe8+ Ka7 32. Qxh7 Nc4 33.
Re2 Rb6 34. b3 Na3+ 35. Kc1 Qa1+ 36. Kd2 Nb1+ 0-1

[Event "83eme Championnat de Paris - Open Fide"]
[Site "Paris - Halle Carpentier (13e"]
[Date "2008.07.03"]
[Round "6.19"]
[White "Blazkova, Petra"]
[Black "Pile, Richard"]
[Result "1/2-1/2"]
[WhiteElo "2202"]
[BlackElo "2318"]
[Annotator "Salaun,Michel"]
[PlyCount "64"]
[EventDate "2008.07.06"]
[EventType "swiss"]
[EventRounds "9"]
[EventCountry "FRA"]

1. e4 c5 2. Nf3 e6 3. d4 cxd4 4. Nxd4 a6 5. Nc3 Qc7 6. g3 Nf6 7. Bg2 Nc6 8. O-O
Nxd4 9. Qxd4 Bc5 10. Bf4 d6 11. Qd2 h6 12. Na4 e5 13. Nxc5 dxc5 14. Be3 Ng4 15.
Rad1 Be6 16. f4 Nxe3 17. Qxe3 f6 18. fxe5 Qxe5 19. Qf4 Ke7 20. Qe3 Rhd8 21. Bf3
Rac8 22. c3 Rc7 23. Rxd8 Kxd8 24. b3 a5 25. Be2 Qg5 26. Qf4 Rd7 27. Kf2 c4 28.
Qxg5 hxg5 29. bxc4 Rd2 30. Rd1 Rxd1 31. Bxd1 Bxc4 32. a3 Ke7 {(=)} 1/2-1/2

[Event "83eme Championnat de Paris - Open Fide"]
[Site "Paris - Halle Carpentier (13e"]
[Date "2008.07.03"]
[Round "6.20"]
[White "Debray, Christopher"]
[Black "Peyrat, Olivier"]
[Result "1-0"]
[WhiteElo "2381"]
[BlackElo "2229"]
[Annotator "Salaun,Michel"]
[PlyCount "61"]
[EventDate "2008.07.06"]
[EventType "swiss"]
[EventRounds "9"]
[EventCountry "FRA"]

1. e4 c5 2. Nf3 e6 3. d4 cxd4 4. Nxd4 Nc6 5. Nc3 Qc7 6. Be3 a6 7. f4 b5 8. Nxc6
Qxc6 9. Be2 Bb7 10. Bf3 Qc7 11. O-O Bc5 12. Bxc5 Qxc5+ 13. Rf2 d6 14. e5 d5 15.
f5 Ne7 16. fxe6 fxe6 17. Ne2 Nf5 18. Nf4 Qb6 19. Be2 O-O 20. Bd3 Nh6 21. g3 Rf7
22. Qh5 Raf8 23. Raf1 Bc8 24. Kh1 Nf5 25. g4 g6 26. Nxg6 hxg6 27. Qxg6+ Rg7 28.
Rxf5 Rxg6 29. Rxf8+ Kg7 30. R1f7+ Kh6 31. h4 1-0

[Event "83eme Championnat de Paris - Open Fide"]
[Site "Paris - Halle Carpentier (13e"]
[Date "2008.07.03"]
[Round "6.17"]
[White "Brih, Said"]
[Black "Calistri, Tristan"]
[Result "1-0"]
[WhiteElo "2208"]
[BlackElo "2352"]
[Annotator "Salaun,Michel"]
[PlyCount "51"]
[EventDate "2008.07.06"]
[EventType "swiss"]
[EventRounds "9"]
[EventCountry "FRA"]

1. d4 Nf6 2. c4 g6 3. Nc3 Bg7 4. e4 d6 5. Nf3 O-O 6. Be2 e5 7. O-O Nbd7 8. Bg5
h6 9. Bh4 c6 10. c5 exd4 11. Qxd4 g5 12. Bg3 Nxc5 13. e5 Ne8 14. Rad1 Ne6 15.
Qd2 d5 16. Bd3 Nc5 17. Bb1 f5 18. exf6 Qxf6 19. Nxd5 cxd5 20. Qxd5+ Ne6 21. Qe4
Nf4 22. Qh7+ Kf7 23. Bxf4 gxf4 24. Rfe1 Be6 25. Rd7+ Bxd7 26. Bg6+ 1-0

[Event "83eme Championnat de Paris - Open Fide"]
[Site "Paris - Halle Carpentier (13e"]
[Date "2008.07.03"]
[Round "6.22"]
[White "Carpentier, Pierre"]
[Black "Tarasova, Viktoriya"]
[Result "1-0"]
[WhiteElo "2213"]
[BlackElo "2276"]
[Annotator "Salaun,Michel"]
[PlyCount "41"]
[EventDate "2008.07.06"]
[EventType "swiss"]
[EventRounds "9"]
[EventCountry "FRA"]

1. d4 d5 2. Nf3 Nf6 3. Bg5 Ne4 4. Bh4 c5 5. e3 Qb6 6. Qc1 cxd4 7. exd4 g5 8.
Bg3 g4 9. Ne5 Bh6 10. Bf4 Bxf4 11. Qxf4 f6 12. Nd3 Qxd4 13. f3 e5 14. Qh6 gxf3
15. gxf3 Nc5 16. Nc3 Nba6 17. O-O-O Bf5 18. Nb5 Nxd3+ 19. Bxd3 Qc5 20. Bxf5
Qxb5 21. Qxf6 1-0

[Event "83eme Championnat de Paris - Open Fide"]
[Site "Paris - Halle Carpentier (13e"]
[Date "2008.07.03"]
[Round "6.23"]
[White "Roos, Jean-Luc"]
[Black "Manoeuvre, Antoine"]
[Result "1/2-1/2"]
[WhiteElo "2326"]
[BlackElo "2052"]
[Annotator "Salaun,Michel"]
[PlyCount "41"]
[EventDate "2008.07.06"]
[EventType "swiss"]
[EventRounds "9"]
[EventCountry "FRA"]

1. d4 Nf6 2. g3 g6 3. Bg2 Bg7 4. e4 d6 5. Ne2 O-O 6. O-O c6 7. h3 e5 8. Nbc3
Re8 9. Bg5 Qb6 10. Qd2 Qxb2 11. Rfb1 Qa3 12. d5 Rd8 13. Qd3 Qa5 14. a4 h6 15.
Bxf6 Bxf6 16. Qc4 Bg7 17. Nc1 Qc7 18. Nd3 Na6 19. Nb4 Nxb4 20. Rxb4 c5 21. Rb3
{(=)} 1/2-1/2

[Event "83eme Championnat de Paris - Open Fide"]
[Site "Paris - Halle Carpentier (13e"]
[Date "2008.07.04"]
[Round "7.18"]
[White "Pile, Richard"]
[Black "Carpentier, Pierre"]
[Result "1-0"]
[WhiteElo "2318"]
[BlackElo "2213"]
[Annotator "Salaun,Michel"]
[PlyCount "91"]
[EventDate "2008.07.06"]
[EventType "swiss"]
[EventRounds "9"]
[EventCountry "FRA"]

1. e4 e6 2. d4 d5 3. Nc3 Bb4 4. e5 Ne7 5. a3 Bxc3+ 6. bxc3 c5 7. Qg4 Qc7 8.
Qxg7 Rg8 9. Qxh7 cxd4 10. Ne2 Nbc6 11. f4 dxc3 12. Qd3 d4 13. Ng3 Bd7 14. Ne4
O-O-O 15. Nd6+ Kb8 16. Rb1 Bc8 17. Nxf7 Rd5 18. h4 Nf5 19. Ng5 Nxe5 20. fxe5
Rxe5+ 21. Kd1 Ne3+ 22. Bxe3 dxe3 23. Qc4 Rd8+ 24. Ke1 Qd6 25. Bd3 Rxg5 26. hxg5
Qg3+ 27. Kd1 Qxg2 28. Qf4+ e5 29. Qxe5+ Ka8 30. Qh2 e2+ 31. Ke1 Qxg5 32. Qxe2
Qg3+ 33. Qf2 Re8+ 34. Be2 Qg5 35. Qf3 Qd2+ 36. Kf2 Qd4+ 37. Kf1 Qg7 38. Rh4 Rg8
39. Kf2 Qe7 40. Rbb4 Qc5+ 41. Rbd4 Qg5 42. Bf1 Qg1+ 43. Ke1 Re8+ 44. Rde4 Qg5
45. Kf2 Qc5+ 46. Qe3 1-0

[Event "83eme Championnat de Paris - Open Fide"]
[Site "Paris - Halle Carpentier (13e"]
[Date "2008.07.04"]
[Round "7.20"]
[White "Song, Julien"]
[Black "Calistri, Tristan"]
[Result "1-0"]
[WhiteElo "2214"]
[BlackElo "2352"]
[Annotator "Salaun,Michel"]
[PlyCount "97"]
[EventDate "2008.07.06"]
[EventType "swiss"]
[EventRounds "9"]
[EventCountry "FRA"]

1. d4 Nf6 2. c4 g6 3. Nc3 Bg7 4. Nf3 d6 5. Bg5 h6 6. Bh4 g5 7. Bg3 Nh5 8. e3 c5
9. Bd3 cxd4 10. Nxd4 Nxg3 11. hxg3 Nc6 12. Nxc6 bxc6 13. Qc2 Qa5 14. O-O Rb8
15. a3 h5 16. b4 Qe5 17. Ne4 h4 18. Qa4 Bd7 19. Qxa7 Rd8 20. f4 gxf4 21. gxf4
Qh5 22. Ra2 h3 23. Be2 Qg6 24. Bf3 Bf5 25. Ng5 d5 26. cxd5 cxd5 27. Rd2 O-O 28.
g4 Bd3 29. Rfd1 Bc2 30. Rc1 Bb3 31. Nxh3 e5 32. f5 Qh6 33. Bg2 Ra8 34. g5 Rxa7
35. gxh6 Bxh6 36. Rc3 Rxa3 37. Bxd5 Ra1+ 38. Kf2 Bxd5 39. Rxd5 Rb8 40. Rb3 Rh1
41. Kg2 Re1 42. Rxe5 f6 43. Re6 Rb5 44. e4 Kf7 45. Nf2 Re3 46. Rxf6+ Kxf6 47.
Ng4+ Kg5 48. Nxe3 Kf4 49. Nd5+ 1-0

[Event "83eme Championnat de Paris - Open Fide"]
[Site "Paris - Halle Carpentier (13e"]
[Date "2008.07.04"]
[Round "7.23"]
[White "Manoeuvre, Antoine"]
[Black "Fayard, Alain"]
[Result "1/2-1/2"]
[WhiteElo "2052"]
[BlackElo "2269"]
[Annotator "Salaun,Michel"]
[PlyCount "83"]
[EventDate "2008.07.06"]
[EventType "swiss"]
[EventRounds "9"]
[EventCountry "FRA"]

1. d4 Nf6 2. c4 e6 3. Nc3 Bb4 4. Qc2 d5 5. cxd5 exd5 6. Bg5 h6 7. Bxf6 Qxf6 8.
a3 Bxc3+ 9. Qxc3 O-O 10. Nf3 Be6 11. e3 Nd7 12. Bd3 Rac8 13. O-O c5 14. Rac1 b6
15. Bb5 Rfd8 16. Qd2 Bf5 17. Bxd7 Bxd7 18. dxc5 bxc5 19. b4 Bg4 20. Rxc5 Bxf3
21. gxf3 Qxf3 22. Rfc1 Rb8 23. Qd1 Qf5 24. Rc6 d4 25. R1c5 Qe4 26. exd4 a5 27.
Rc4 axb4 28. axb4 Rxb4 29. Rxb4 Qxc6 30. Qd3 Qd5 31. Rb5 Qxd4 32. Qxd4 Rxd4 33.
Kg2 {(=)} g5 34. Rb6 Kg7 35. Kg3 f6 36. Ra6 Kg6 37. Ra8 Rd3+ 38. Kg2 g4 39.
Rg8+ Kh5 40. Rf8 Kg5 41. Rg8+ Kh4 42. Rg6 1/2-1/2

[Event "83eme Championnat de Paris - Open Fide"]
[Site "Paris - Halle Carpentier (13e"]
[Date "2008.07.04"]
[Round "7.21"]
[White "Leconte, Maria"]
[Black "Peyrat, Olivier"]
[Result "1-0"]
[WhiteElo "2336"]
[BlackElo "2229"]
[Annotator "Salaun,Michel"]
[PlyCount "81"]
[EventDate "2008.07.06"]
[EventType "swiss"]
[EventRounds "9"]
[EventCountry "FRA"]

1. e4 c5 2. Nf3 e6 3. d4 cxd4 4. Nxd4 Nc6 5. Nc3 Qc7 6. g3 a6 7. Bg2 d6 8. O-O
Bd7 9. Nb3 b5 10. a4 b4 11. Ne2 Be7 12. Be3 Bf6 13. a5 Bxb2 14. Rb1 Bf6 15. Bb6
Qb8 16. Nd2 Nge7 17. Nc4 Nc8 18. c3 Nxb6 19. axb6 a5 20. Nxd6+ Ke7 21. e5 Nxe5
22. Bxa8 Qxa8 23. Nd4 Qa6 24. Re1 Qxb6 25. N6f5+ Kd8 26. Ne3 h5 27. Nf3 Nc6 28.
cxb4 axb4 29. Nc4 Qc7 30. Nd6 Ke7 31. Ne4 Be5 32. Rc1 Rd8 33. Qd2 f6 34. Qe3
Be8 35. Qc5+ Kf7 36. Neg5+ Kg8 37. Nxe6 Qd7 38. Nxd8 Qxd8 39. Red1 Qb8 40. Qd5+
Kh7 41. Rxc6 1-0

[Event "83eme Championnat de Paris - Open Fide"]
[Site "Paris - Halle Carpentier (13e"]
[Date "2008.07.04"]
[Round "7.19"]
[White "Sohier, Julien"]
[Black "Grover, Sahaj"]
[Result "0-1"]
[WhiteElo "2270"]
[BlackElo "2300"]
[Annotator "Salaun,Michel"]
[PlyCount "56"]
[EventDate "2008.07.06"]
[EventType "swiss"]
[EventRounds "9"]
[EventCountry "FRA"]

1. e4 e5 2. Nf3 Nc6 3. Bb5 a6 4. Ba4 Nf6 5. O-O Bc5 6. c3 b5 7. Bb3 d6 8. d4
Bb6 9. a4 Bg4 10. axb5 axb5 11. Rxa8 Qxa8 12. d5 Ne7 13. Qd3 O-O 14. Na3 Nd7
15. Qxb5 Nc5 16. Bc2 f5 17. exf5 e4 18. Nh4 Nxf5 19. Nxf5 Rxf5 20. h3 Bh5 21.
g4 Be8 22. Qe2 Rf8 23. b4 Nd3 24. Qxe4 Bg6 25. Qe6+ Kh8 26. Nc4 Bxf2+ 27. Rxf2
Nxf2 28. Bxg6 hxg6 0-1

[Event "83eme Championnat de Paris - Open Fide"]
[Site "Paris - Halle Carpentier (13e"]
[Date "2008.07.04"]
[Round "7.22"]
[White "Tarasova, Viktoriya"]
[Black "Roos, Jean-Luc"]
[Result "1/2-1/2"]
[WhiteElo "2276"]
[BlackElo "2326"]
[Annotator "Salaun,Michel"]
[PlyCount "56"]
[EventDate "2008.07.06"]
[EventType "swiss"]
[EventRounds "9"]
[EventCountry "FRA"]

1. d4 e6 2. c4 d5 3. Nc3 Nf6 4. cxd5 exd5 5. Bg5 c6 6. e3 Be7 7. Bd3 O-O 8. Qc2
Nbd7 9. Nf3 Re8 10. O-O Nf8 11. h3 Be6 12. Rab1 a5 13. a3 Rc8 14. b4 b5 15. Ne5
N6d7 16. Bxe7 Rxe7 17. f4 f6 18. Nxd7 Bxd7 19. Rfe1 axb4 20. axb4 Be8 21. Qf2
Bf7 22. Red1 Qe8 23. Re1 Qd8 24. e4 dxe4 25. Bxe4 Bg6 26. f5 Bf7 27. Red1 Qb6
28. Bf3 Qb8 {(=)} 1/2-1/2

[Event "83eme Championnat de Paris - Open Fide"]
[Site "Paris - Halle Carpentier (13e"]
[Date "2008.07.05"]
[Round "8.12"]
[White "Guliyev, Namig"]
[Black "Pile, Richard"]
[Result "1/2-1/2"]
[WhiteElo "2542"]
[BlackElo "2318"]
[Annotator "Salaun,Michel"]
[PlyCount "102"]
[EventDate "2008.07.06"]
[EventType "swiss"]
[EventRounds "9"]
[EventCountry "FRA"]

1. e4 c5 2. Nf3 Nc6 3. Nc3 e6 4. d4 cxd4 5. Nxd4 Qc7 6. Be2 a6 7. O-O Nf6 8.
Be3 Bb4 9. Na4 Be7 10. Nxc6 bxc6 11. Nb6 Rb8 12. Nxc8 Qxc8 13. Bd4 c5 14. Be5
Rb6 15. Qd3 d6 16. Bc3 O-O 17. b3 d5 18. exd5 Nxd5 19. Be5 Rd8 20. Qe4 Rb4 21.
Qf3 Bf6 22. Bxf6 Nxf6 23. Bc4 Rb6 24. Rad1 Rbd6 25. Rxd6 Rxd6 26. Rd1 Ne8 27.
g3 a5 28. Rd3 g6 29. Bb5 Rxd3 30. Qxd3 Nc7 31. Bc6 Na6 32. Bd7 Qd8 33. c3 Nc7
34. a3 Nd5 35. Bc6 Qd6 36. Bb7 Qd7 37. Ba6 Qc7 38. Qc4 h5 39. h4 Qb6 40. a4 Qc7
41. Bb5 Nb6 42. Qd3 Nd5 43. Qd2 Qe5 44. c4 Nb4 45. Qd8+ Kg7 46. Qxa5 Qe1+ 47.
Kg2 Qe4+ 48. Kg1 e5 49. Be8 Qe1+ 50. Kg2 Qe4+ 51. Kg1 Qe1+ 1/2-1/2

[Event "83eme Championnat de Paris - Open Fide"]
[Site "Paris - Halle Carpentier (13e"]
[Date "2008.07.05"]
[Round "8.16"]
[White "Song, Julien"]
[Black "Bergez, Luc"]
[Result "1/2-1/2"]
[WhiteElo "2214"]
[BlackElo "2367"]
[Annotator "Salaun,Michel"]
[PlyCount "79"]
[EventDate "2008.07.06"]
[EventType "swiss"]
[EventRounds "9"]
[EventCountry "FRA"]

1. d4 Nf6 2. c4 g6 3. Nc3 Bg7 4. Nf3 O-O 5. Bg5 c5 6. d5 e6 7. e3 exd5 8. cxd5
d6 9. Be2 Na6 10. O-O h6 11. Bh4 Nc7 12. a4 b6 13. Nd2 a6 14. Nc4 Rb8 15. Bg3
Nfe8 16. Ne4 b5 17. Ncxd6 Nxd6 18. Nxd6 Bxb2 19. Rb1 bxa4 20. Nxc8 Qxc8 21. d6
Ne6 22. d7 Qc6 23. Bxb8 Rxb8 24. Rxb2 Rxb2 25. d8=Q+ Nxd8 26. Qxd8+ Kg7 27. Qd3
a3 28. Qxa6 Qxa6 29. Bxa6 a2 30. Bc4 Rc2 31. Bb3 Rb2 32. Bc4 Rc2 33. Bb3 Rb2
34. Bd5 f5 35. g3 Rd2 36. Bb3 Rb2 37. Bd5 Rd2 38. Be6 Kf6 39. Bg8 Kg7 40. Bb3
1/2-1/2

[Event "83eme Championnat de Paris - Open Fide"]
[Site "Paris - Halle Carpentier (13e"]
[Date "2008.07.05"]
[Round "8.11"]
[White "Onkoud, Abdelaziz"]
[Black "Spielmann, Alain"]
[Result "1/2-1/2"]
[WhiteElo "2396"]
[BlackElo "2308"]
[Annotator "Salaun,Michel"]
[PlyCount "47"]
[EventDate "2008.07.06"]
[EventType "swiss"]
[EventRounds "9"]
[EventCountry "FRA"]

1. e4 d6 2. d4 Nf6 3. Nc3 g6 4. f4 Bg7 5. Nf3 c5 6. dxc5 Qa5 7. Bd3 Qxc5 8. Qe2
Nc6 9. Be3 Qa5 10. O-O Bg4 11. Rae1 O-O 12. h3 Bxf3 13. Qxf3 Nd7 14. e5 dxe5
15. f5 Nf6 16. Bc4 Rad8 17. Qg3 Qb4 18. Bb3 Nd4 19. Bxd4 Qxd4+ 20. Kh1 Nh5 21.
Qh2 Qh4 22. Ne4 Nf6 23. Qxe5 Nxe4 24. Qxe4 1/2-1/2

[Event "83eme Championnat de Paris - Open Fide"]
[Site "Paris - Halle Carpentier (13e"]
[Date "2008.07.05"]
[Round "8.17"]
[White "Roos, Louis"]
[Black "Rabeyrin, Jean-Jacques"]
[Result "0-1"]
[WhiteElo "2357"]
[BlackElo "2303"]
[Annotator "Salaun,Michel"]
[PlyCount "100"]
[EventDate "2008.07.06"]
[EventType "swiss"]
[EventRounds "9"]
[EventCountry "FRA"]

1. c4 c6 2. e4 d5 3. exd5 cxd5 4. cxd5 Nf6 5. Qa4+ Nbd7 6. Nc3 g6 7. Bb5 Bg7 8.
Nf3 O-O 9. Bxd7 Bxd7 10. Qb3 Rb8 11. d4 b5 12. Bf4 Rb6 13. a3 a5 14. Ne5 b4 15.
Nxd7 Qxd7 16. axb4 axb4 17. Be5 Rb7 18. Na4 Qxd5 19. Qxd5 Nxd5 20. Bxg7 Kxg7
21. Ke2 Rd8 22. g3 Rb5 {(=)} 23. Rhc1 Ra5 24. Nc5 Rda8 25. Nb3 R5a7 26. Kd3 Kf6
27. Rxa7 Rxa7 28. Ra1 Rc7 29. Nd2 e6 30. Nc4 Ke7 31. Ra6 h5 32. h4 Kf6 33. Ra8
Rxc4 34. Kxc4 Nb6+ 35. Kxb4 Nxa8 36. Kc5 Nc7 37. b4 Ke7 38. Kc6 Nd5 39. b5 f6
40. f4 Nb4+ 41. Kc5 Nd5 42. Kc6 f5 43. b6 {(=)} Nxb6 44. Kxb6 Kd6 45. Kb7 Kd5
46. Kc7 Kxd4 47. Kd6 Ke4 48. Kxe6 Kf3 49. Kf6 Kxg3 50. Kxg6 Kg4 0-1

[Event "83eme Championnat de Paris - Open Fide"]
[Site "Paris - Halle Carpentier (13e"]
[Date "2008.07.05"]
[Round "8.22"]
[White "Roos, Jean-Luc"]
[Black "Fayard, Alain"]
[Result "1/2-1/2"]
[WhiteElo "2326"]
[BlackElo "2269"]
[Annotator "Salaun,Michel"]
[PlyCount "97"]
[EventDate "2008.07.06"]
[EventType "swiss"]
[EventRounds "9"]
[EventCountry "FRA"]

1. d4 Nf6 2. c4 e6 3. Nc3 Bb4 4. e3 O-O 5. Bd3 c5 6. Nf3 d5 7. O-O Nc6 8. a3
Bxc3 9. bxc3 dxc4 10. Bxc4 Qc7 11. Bb5 a6 12. Bd3 e5 13. Qc2 Re8 14. dxe5 Nxe5
15. Nxe5 Qxe5 16. f3 b5 17. e4 c4 18. Be2 Qc5+ 19. Kh1 Bb7 20. a4 Rad8 21. Ba3
Qe5 22. axb5 axb5 23. Qb2 Bxe4 24. fxe4 Nxe4 25. Bf3 Rd2 26. Qc1 Nf2+ 27. Rxf2
Rxf2 28. Kg1 Rxf3 29. gxf3 Re6 30. Qd2 h5 31. Rf1 Kh7 32. Bb4 Qf5 33. Kh1 h4
34. Qf2 Qh5 35. Bc5 g5 36. Bd4 Qg6 37. f4 Qe4+ 38. Kg1 gxf4 39. Qf3 Qxf3 40.
Rxf3 Re4 41. Bc5 Kg6 42. Rf1 Kf5 43. Kf2 Re5 44. Bd4 Rd5 45. Rb1 Ke4 46. Re1+
Kf5 47. Rb1 Ke4 48. Re1+ Kf5 49. Rb1 1/2-1/2

[Event "83eme Championnat de Paris - Open Fide"]
[Site "Paris - Halle Carpentier (13e"]
[Date "2008.07.05"]
[Round "8.19"]
[White "Carpentier, Pierre"]
[Black "Sohier, Julien"]
[Result "1/2-1/2"]
[WhiteElo "2213"]
[BlackElo "2270"]
[Annotator "Salaun,Michel"]
[PlyCount "86"]
[EventDate "2008.07.06"]
[EventType "swiss"]
[EventRounds "9"]
[EventCountry "FRA"]

1. d4 d5 2. Nc3 Nf6 3. Bf4 c6 4. e3 Bf5 5. Bd3 Bxd3 6. Qxd3 e6 7. Nge2 Nbd7 8.
h3 Be7 9. g4 Qa5 10. f3 O-O-O 11. a3 h5 12. Kf2 hxg4 13. hxg4 Rxh1 14. Rxh1 Nf8
15. b4 Qxa3 16. b5 c5 17. Nxd5 Qxd3 18. Nxe7+ Kd7 19. cxd3 cxd4 20. Nxd4 Kxe7
21. Ra1 Nd5 22. Bg3 Nb4 23. Rxa7 Nxd3+ 24. Ke2 Nc1+ 25. Kd1 Nb3 26. Rxb7+ Kf6
27. Kc2 Nxd4+ 28. exd4 Rxd4 29. b6 e5 30. Rc7 Ne6 31. Rc3 Rb4 32. Bf2 Ke7 33.
Ra3 Nd4+ 34. Bxd4 exd4 35. Ra7+ Ke6 36. Rb7 g5 37. Kd3 f5 38. Rh7 fxg4 39. fxg4
Ke5 40. b7 Kf4 41. Rd7 Kf3 42. Rd5 Rxb7 43. Rxg5 Kf4 1/2-1/2

[Event "83eme Championnat de Paris - Open Fide"]
[Site "Paris - Halle Carpentier (13e"]
[Date "2008.07.05"]
[Round "8.20"]
[White "Blazkova, Petra"]
[Black "Jablonski, Noham"]
[Result "0-1"]
[WhiteElo "2202"]
[BlackElo "2260"]
[Annotator "Salaun,Michel"]
[PlyCount "82"]
[EventDate "2008.07.06"]
[EventType "swiss"]
[EventRounds "9"]
[EventCountry "FRA"]

1. e4 c5 2. Nf3 e6 3. d4 cxd4 4. Nxd4 a6 5. Nc3 Qc7 6. Be3 Nf6 7. Bd3 b5 8. O-O
Bb7 9. Nb3 d6 10. f4 Nbd7 11. f5 e5 12. a3 Be7 13. Qf3 h5 14. Rad1 Rb8 15. Nd5
Nxd5 16. exd5 Nf6 17. Be4 Rc8 18. c3 Nxe4 19. Qxe4 Qc4 20. Qxc4 bxc4 21. Nc1
Ba8 22. Ne2 Rb8 23. Rd2 Rb5 24. Rfd1 Kd7 25. Ng3 h4 26. Ne4 Rhb8 27. b4 cxb3
28. c4 Ra5 29. Rb2 Rxa3 30. c5 dxc5 31. d6 Bxe4 32. dxe7+ Ke8 33. Bxc5 Ra2 34.
Rxb3 Rxg2+ 35. Kf1 Rc8 36. Ba3 Rxh2 37. Rc3 Rc2 38. Rxc8+ Rxc8 39. Re1 Bd3+ 40.
Kg1 f6 41. Re3 Bxf5 0-1

[Event "83eme Championnat de Paris - Open Fide"]
[Site "Paris - Halle Carpentier (13e"]
[Date "2008.07.05"]
[Round "8.21"]
[White "Calistri, Tristan"]
[Black "Manoeuvre, Antoine"]
[Result "1-0"]
[WhiteElo "2352"]
[BlackElo "2052"]
[Annotator "Salaun,Michel"]
[PlyCount "47"]
[EventDate "2008.07.06"]
[EventType "swiss"]
[EventRounds "9"]
[EventCountry "FRA"]

1. d4 Nf6 2. c4 g6 3. Nc3 Bg7 4. e4 d6 5. Nf3 O-O 6. Be2 e5 7. O-O exd4 8. Nxd4
Re8 9. f3 c6 10. Kh1 Nh5 11. g4 Nf6 12. Bf4 Nfd7 13. Qd2 Ne5 14. Rad1 Na6 15.
Rg1 Qe7 16. Bh6 Qf8 17. Bxg7 Qxg7 18. f4 Nd7 19. Nf5 Qf6 20. g5 Qe6 21. Nxd6
Rd8 22. Bg4 Qe7 23. e5 Nxe5 24. fxe5 1-0